00578nam a22001337a 4500999001500000003000400015008004100019245005600060250004900116260004700165650002700212942001200239952019300251 c9692d9692OSt201203b ||||| |||| 00| 0 eng d aIndian Journal of Advance Mechatronics and Robotics a2014(Jan-Jun Vol.2 No.1, Jul-Dec Vol.2 No.2) aNew DelhibGBS Publishers And Distributors aMechanical Engineering 2ddccBV 00102ddc3Bound Volume40718BTECHMEaPIETbPIETd2020-12-11eGBS Publishers and Distributorsh2014(Jan-Jun Vol.2 No.1, Jul-Dec Vol.2 No.2)l0pBV261r2020-12-11 00:00:00w2014-01-09yBV